Responses for show #6892 - Tuesday, July 29, 2014

2014 Teen Tournament semifinal game 2.

Contestants

Selena Groh, a junior from Arlington Heights, Illinois

Cooper Lair, a sophomore from Little Rock, Arkansas

Joe Taglic, a senior from Valley Stream, New York

Jeopardy! Round responses

COMPUTER STUFF
"MAC" OR "P.C."
OLD TESTAMENT HEROES
COMPLETE THE LYRIC
TEEN CHOICE
AT THE GEORGIA AQUARIUM
(Sarah: So much sea life, you could almost call it the "Atlanta Ocean".)
    $200 26
history

Selena
    $200 6
a mackerel

Cooper
    $200 5
Jonah

Cooper
    $200 11
"U.S.A."

Triple Stumper
    $200 17
18

Cooper
    $200 21
(Alex: Sort of like [*], different spots, no two alike.)

fingerprints

Triple Stumper
    $400 24
multitasking

Joe
    $400 7
(Alex: We'll accept that, yeah.)

a police cruiser

Cooper
    $400 4
Moses

Cooper
    $400 12
"little talks"

Joe
    $400 18
14

Cooper
    $400 22
devil rays

Joe
    $600 27
beta

Joe
    $600 8
Douglas MacArthur

Cooper
    $1,000 3
Joseph

Joe
    $600 14
"golden star"

Joe
    $600 19
(Joe: What is an ace?)

15

JoeCooper
    $600 30
(Joe: What is fat?
(Alex: Fat? Well, be more specific.)
(Joe: What is baleen?)
...
(Alex: [*], yes, that's the proper word.)

blubber

JoeCooper
    $800 28
point of sale

Joe
    $800 9
Pete Carroll

Cooper
    $800 1
Solomon

Cooper
    $800 15
"war"

Joe
    $800 13
19

Selena
    $800 23
vertebrae

Selena
    $1000 25
[Note: Alex pronounces imgur as "image-er".]

a meme

Cooper
    $1000 10
per capita

Cooper
    $1000 2
Elijah

Joe
    $1000 16
"into you"

Cooper
    $1000 20
[Note: "Heptadeka-phobia" is hyphenated and split onto 2 lines onscreen.]

17

Cooper
    $1000 29
echolocation

Cooper

Scores at the first commercial break (after clue 15):

Joe Cooper Selena
$3,800 $4,400 $800

Scores at the end of the Jeopardy! Round:

Joe Cooper Selena
$4,800 $10,200 $1,800

Double Jeopardy! Round responses

TEENS RULE
GRAPHIC NOVEL ADAPTATIONS
4-SYLLABLE WORDS
POETS & POETRY
SOUTH AMERICA
CROSSWORD CLUES "Q"
    $400 27
Marie Antoinette

Cooper
    $400 30
(Selena: Who are the Avengers?)

the X-Men

Selena
Triple Stumper
    $400 29
the underbelly

Cooper
    $400 28
(Alex: By Edgar Allan Poe.)

"The Raven"

Cooper
    $400 9
Brazil

Cooper
    $400 21
(Cooper: What is Quakerism?)
...
(Alex: [*], yes. "6 letters", not... you added the "-ism." It cost you.)

Quaker

JoeCooper
    $800 1
King Tutankhamen

Joe
    $800 18
Scott Pilgrim

Joe
    $800 23
evaporate

Joe
    $6,200 26
Emily Dickinson

Cooper
    $800 10
balsa

Joe
    $800 7
quench

Joe
    $3,000 4
Isabella of Castile

Joe
    $1200 25
(Joe: What is Cowboys vs. Aliens?)
...
(Alex: This time you spoke properly and Joe misspoke. [*]. Pick again.)

Cowboys & Aliens

JoeCooper
    $1200 6
Society

Selena
    $1200 22
Langston Hughes

Selena
    $1200 12
Argentina

Cooper
    $1200 15
a quail

Selena
    $1600 3
Mary, Queen of Scots

Joe
    $1600 5
The Losers

Triple Stumper
    $1600 16
terrestrial

Joe
    $1600 19
Walt Whitman

Joe
    $1600 11
the Atacama Desert

Cooper
    $1600 8
quagmire

Cooper
    $2000 2
Confucianism

Joe
    $2000 24
Neil Gaiman

Triple Stumper
    $2000 17
jurisdiction

Joe
    $2000 20
(Selena: Who is Keats?)

John Donne

Selena
Triple Stumper
    $2000 13
(Cooper: What is the Orincoco?)
...
(Alex: "[*]", not "Orincoco". You misspoke there, Cooper.)

the Orinoco

JoeCooper
    $2000 14
a quay

Cooper

Scores at the end of the Double Jeopardy! Round:

Joe Cooper Selena
$21,800 $23,200 $3,000

[wagering suggestions for these scores]

Final Jeopardy! Round responses

DAYS OF THE WEEK
SelenaWho is Vesta?
$3,000
JoeWho is Venus?
$15,795
CooperWho is Venus?
$21,000
Venus

Final scores:

Joe Cooper Selena
$37,595 $44,200 $0
2nd place: $10,000 Finalist 3rd place: $10,000

Game dynamics:

Coryat scores:

Joe Cooper Selena
$19,600 $17,800 $3,000
22 R
(including 2 DDs),
3 W
26 R
(including 1 DD),
2 W
6 R,
2 W

Combined Coryat: $40,400

The J! Archive is created by fans, for fans. The Jeopardy! game show and all elements thereof, including but not limited to copyright and trademark thereto, are the property of Jeopardy Productions, Inc. and are protected under law. This website is not affiliated with, sponsored by, or operated by Jeopardy Productions, Inc. Join the discussion at JBoard.tv.